000 00449nam a2200193Ia 4500
005 20240823040043.0
008 240823s9999||||xx |||||||||||||| ||und||
020 _a81-8388-047-9
041 _aENGLISH
082 _A920 Q0
100 _aJyotsna Bharti
245 0 _aChhatrapati Shivaji A Biography
250 _a1st
260 _c2010
_bSpider
500 _aTRANSFERED
650 _aBiographical
_bGeneral
942 _cBK
999 _c202163
_d202163